000 01144cam a2200325 a 4500
001 2889
003 FISKH
005 20250605085454.0
008 000831s2002 nyua b 000 0 eng
010 _a 00064418
020 _a0803725566 (alk. paper)
020 _a9780142401927
040 _aDLC
_cDLC
_dDLC
_beng
042 _alcac
050 0 0 _aPS3552.A336
_bG5 2002
082 0 0 _a811/.54
_221
100 1 _aBagert, Brod.
245 1 0 _aGiant children /
_cpoems by Brod Bagert ; pictures by Tedd Arnold.
260 _aNew York :
_bPuffin Books,
_c2002.
300 _a32 unnumbered pages :
_bcolor illustrations ;
_c28 cm
505 _aNP
520 _aPresents more than twenty humorous poems, with playful illustrations, that examine life from a child's point of view; features such titles as "Stinky Boys, " "Dinosaur Canary, " and "There's a Goblin in My Throat."
521 8 _aNP
_bLexile
521 8 _aNP
_bRaz-Plus
650 0 _aChildren's poetry, American.
650 1 _aAmerican poetry.
700 1 _aArnold, Tedd,
_eillustrator
906 _a7
_bcbc
_corignew
_d1
_eocip
_f20
_gy-gencatlg
942 _2lcc
_cBK
_n0
999 _c2889
_d2889